Infljacija: uroki pol'skoj reformy.

Štádiá inflačného vývoja v Poľsku až ku hyperinflácii. Liberalizácia cien, indexácia príjmov ako zdroje hyperinflácie. Brzdenie rastu príjmov, obmedzenia v úverovej sfére a politika valutových kurzov v programe stabilizácie. Tlak na reštrukturalizáciu národného hospodárstva. Mzdová a príjmová politi...

ver descrição completa

Na minha lista:
Detalhes bibliográficos
Autor principal: Pavlenko, Ju
Formato: Capítulo de Livro
Idioma:russo
Assuntos:
Tags: Adicionar Tag
Sem tags, seja o primeiro a adicionar uma tag!

MARC

LEADER 00000naa a2200000 4500
001 r009603
005 20221208123249.7
041 0 |a rus 
044 |a [SU] 
245 1 0 |a Infljacija: uroki pol'skoj reformy.  |c Ju. Pavlenko 
520 |a Štádiá inflačného vývoja v Poľsku až ku hyperinflácii. Liberalizácia cien, indexácia príjmov ako zdroje hyperinflácie. Brzdenie rastu príjmov, obmedzenia v úverovej sfére a politika valutových kurzov v programe stabilizácie. Tlak na reštrukturalizáciu národného hospodárstva. Mzdová a príjmová politika. Úloha procesu privatizácie. 
610 2 0 |a inflácia 
610 2 0 |a reformy hospodárske 
610 2 0 |a PR 
610 2 0 |a liberalizácia 
610 2 0 |a ceny 
610 2 0 |a indexy 
610 2 0 |a príjmy 
610 2 0 |a úver 
610 2 0 |a kurz valutový 
610 2 0 |a zmeny štruktúrne 
610 2 0 |a politika mzdová 
610 2 0 |a privatizácia 
100 1 |a Pavlenko, Ju.